David Crockett [CD/sound recording] : hero of the ... Read More
Available copies
- 1 of 1 copy available at LARL/NWRL Consortium.
Current holds
0 current holds with 1 total copy.
Show Only Available Copies
| Location | Call Number / Copy Notes | Barcode | Shelving Location | Status | Due Date |
|---|---|---|---|---|---|
| Thief River Falls Public Library | BOOK-ON-CD 921 CRO (Text) | 35500003894258 | Main | Available | - |
Record details
- ISBN: 1596075244
- Physical Description: 5 sound discs (ca. 5.5 hrs.) : digital ; 4 3/4 in.
- Publisher: Spokane, WA : Books in Motion, c2006.
Content descriptions
| General Note: | Unabridged. Compact discs. |
| Participant or Performer Note: | Read by Rusty Nelson. |
Search for related items by subject
| Genre: | Compact discs. |
Search for related items by series
| LDR | 01407nim a2200385Ia 4500 | ||
|---|---|---|---|
| 001 | 72830 | ||
| 003 | LARL_NWRL_CONSORTIUM | ||
| 005 | 20060915144935.0 | ||
| 007 | sd fu-gnn----- | ||
| 008 | 060323s2006 waunnn h eng d | ||
| 020 | . | ‡a1596075244 | |
| 028 | 0 | 2. | ‡a2524 ‡bBooks in Motion |
| 035 | . | ‡a(OCoLC)65192366 | |
| 043 | . | ‡an-us-tn ‡an-us--- ‡an-us-tx | |
| 100 | 1 | . | ‡aGroneman, Bill. ‡0(LARL_NWRL_CONSORTIUM)184361 |
| 245 | 1 | 0. | ‡aDavid Crockett ‡h[CD/sound recording] : ‡bhero of the common man / ‡cby William Groneman, III. |
| 260 | . | ‡aSpokane, WA : ‡bBooks in Motion, ‡cc2006. | |
| 300 | . | ‡a5 sound discs (ca. 5.5 hrs.) : ‡bdigital ; ‡c4 3/4 in. | |
| 490 | 0 | . | ‡aAmerican heroes |
| 500 | . | ‡aUnabridged. | |
| 500 | . | ‡aCompact discs. | |
| 511 | 0 | . | ‡aRead by Rusty Nelson. |
| 600 | 1 | 0. | ‡aCrockett, Davy, ‡d1786-1836. ‡0(LARL_NWRL_CONSORTIUM)3257 |
| 650 | 0. | ‡aPioneers ‡zTennessee ‡vBiography. ‡0(LARL_NWRL_CONSORTIUM)174114 | |
| 650 | 0. | ‡aFrontier and pioneer life ‡zTennessee. ‡0(LARL_NWRL_CONSORTIUM)172265 | |
| 651 | 0. | ‡aTennessee ‡vBiography. ‡0(LARL_NWRL_CONSORTIUM)168900 | |
| 650 | 0. | ‡aLegislators ‡zUnited States ‡vBiography. ‡0(LARL_NWRL_CONSORTIUM)165901 | |
| 610 | 1 | 0. | ‡aUnited States. ‡bCongress. ‡bHouse ‡vBiography. |
| 650 | 0. | ‡aSoldiers ‡zUnited States ‡vBiography. ‡0(LARL_NWRL_CONSORTIUM)167189 | |
| 655 | 0. | ‡aCompact discs. | |
| 651 | 0. | ‡aAlamo (San Antonio, Tex.) ‡xSiege, 1836. ‡0(LARL_NWRL_CONSORTIUM)40590 | |
| 700 | 1 | . | ‡aNelson, Rusty. ‡0(LARL_NWRL_CONSORTIUM)143856 |
| 901 | . | ‡a72830 ‡bOCLC ‡c72830 ‡tbiblio | |

Add to basket
Permalink
Disable Highlighting